Reflections on the global food crisis : (Record no. 21378)

000 -LEADER
fixed length control field 00717cam a22002174a 4500
020 ## - INTERNATIONAL STANDARD BOOK NUMBER
ISBN 9780896291782
020 ## - INTERNATIONAL STANDARD BOOK NUMBER
ISBN 0896291782
040 ## - CATALOGING SOURCE
Transcribing agency DLC
082 00 - DEWEY DECIMAL CLASSIFICATION NUMBER
Classification number 363 REF 2010 C077 Or.
100 1# - MAIN ENTRY--AUTHOR NAME
Personal name Headey, Derek.
245 10 - TITLE STATEMENT
Title Reflections on the global food crisis :
Remainder of title how did it happen? how has it hurt? and how can we prevent the next one? /
260 ## - PUBLICATION, DISTRIBUTION, ETC. (IMPRINT)
Place of publication Washington, D.C. :
Name of publisher International Food Policy Research Institute,
Year of publication c2010.
300 ## - PHYSICAL DESCRIPTION
Number of Pages xvii, 122 p. :
Other physical details ill. ;
Dimensions 23 cm.
490 1# - SERIES STATEMENT
Series statement IFPRI research monograph ;
650 #0 - SUBJECT ADDED ENTRY--TOPICAL TERM
Topical Term Food supply.
650 #0 - SUBJECT ADDED ENTRY--TOPICAL TERM
Topical Term Food security.
650 #0 - SUBJECT ADDED ENTRY--TOPICAL TERM
Topical Term Food prices.
700 1# - ADDED ENTRY--PERSONAL NAME
Personal name Fan, Shenggen.
710 2# - ADDED ENTRY--CORPORATE NAME
Corporate name or jurisdiction name as entry element International Food Policy Research Institute.
942 ## - ADDED ENTRY ELEMENTS (KOHA)
Koha item type ADB
952 ## - LOCATION AND ITEM INFORMATION (KOHA)
Withdrawn status [LOCAL, KOHA] 0
Holdings
Permanent Location Date acquired Koha item type Lost status Shelving location Barcode Current Location Full call number
Library Block C2023-05-26ADB C077a35893Library Block C363 REF 2010 C077 Or.
មជ្ឈមណ្ឌលឯការនៃសាកលវិទ្យាល័យភូមិន្ទកសិកម្មចំការដូង

Powered by Koha